00467nam a22001337a 4500008004100000040005500041080002500096245009700121260005500218300001000273490001800283650001600301653001600317230420b |||||||| |||| 00| 0 eng d aNational Science LibrarycNational Science Library a664.85:641.4(42)bK2 aDomestic preservation of fruit and vegetablesc/ Ministry of Agriculture, Fisheries and Food aLondon: bHer Majesty's Stationary Office, c1962 a119p. aBulletin v21 aProduction  aVegetables